00921nam a2200241 a 450000100060000000300080000600500170001400800410003103500190007204000360009104100080012708200260013524500470016126000470020830000350025550000190029065000330030970000260034294200120036899900170038095201390039795201430053649713BD-RjUL20211209054722.0160822s1964 mau |ob |||||0|eng d a(BD-RjUL)49833 aDLCcDLCdVaAlASPdBD-RjULbeng aeng 223a331.082bMAN 196401aMan in a world at workced. by Henry Borow aBoston :bHoughton Mifflin company,cc1964 axvii, 606 p. :bill. ;c27 cm. aIncludes Index 0aVocational guidance.9149047 aBorow, Henry,9149048 2ddccBK c49713d49713 00102ddc40708NFICaRUCLbRUCLcStackd1970-11-20eZeitlingerg85.00l0o331.082 MAN 1964r2016-08-22 00:00:00tC-2w2016-08-22yBK 00102ddc40718NFICaRUCLbRUCLcReadingd1970-11-20eZeithlinger.g85.00l0o331.082 MAN 1964r2017-01-01 00:00:00tC-1w2017-01-01yBK